| 000 | 00000nam 2200000za 4500 |
| 001 | 9.846553 |
| 003 | CaOODSP |
| 005 | 20221107153229 |
| 007 | cr ||||||||||| |
| 008 | 171102s2017 onc #oz f000 0 eng d |
| 020 | |a978-0-660-23768-8 |
| 040 | |aCaOODSP|beng |
| 041 | |aeng|afre |
| 043 | |an-cn---|ae-it--- |
| 086 | 1 |aFR4-2017/24-PDF |
| 245 | 00|aItaly / Social Security - Agreement on Social Security between the Government of Canada and the Government of the Italian Republic |h[electronic resource] = |bItalie / Sécurité sociale - Accord sur la sécurité sociale entre le gouvernement du Canada et le gouvernement de la République italienne |
| 246 | 11|aItalie / Sécurité sociale - Accord sur la sécurité sociale entre le gouvernement du Canada et le gouvernement de la République italienne |
| 260 | |a[Ottawa] : |bTreaty Law Division of the Department of Foreign Affairs, Trade and Development = Direction du droit des traités du ministère des Affaires étrangères, du commerce et du développement, |cc2017. |
| 300 | |a18, 18 p. |
| 490 | 1 |aTreaty series = Recueil des traités ; |v2017/24 |
| 500 | |a"Done at Rome 22 May 1995, In Force: 1 October 2017." |
| 500 | |aAlternate pages have duplicate numbering. |
| 520 | |a"The Government of Canada and the Government of the Italian Republic, resolved to strengthen further the relations between their two countries in the field of social security by taking note of changes to their respective social security legislation since the Agreement of Social Security between Italy and Canada was signed in Toronto on 17 November 1977."--p. 1. |
| 546 | |aText in English and French. |
| 692 | 07|2gccst|aInternational agreements |
| 692 | 07|2gccst|aSocial security |
| 692 | 07|2gccst|aLegislation |
| 710 | 1 |aCanada. |bGlobal Affairs Canada. |bTreaty Law Division. |
| 792 | |tItaly / Social Security - Agreement on Social Security between the Government of Canada and the Government of the Italian Republic |efre|w(CaOODSP)9.846554 |
| 830 | #0|aCanada treaty series ;|v2017/24.|w(CaOODSP)9.811730 |
| 856 | 40|qPDF|s174 KB|uhttps://publications.gc.ca/collections/collection_2017/amc-gac/FR4-2017-24.pdf |